Property in Politics (Record no. 115237)

MARC details
000 -LEADER
fixed length control field 01159cam a22002055a 4500
001 - CONTROL NUMBER
control field L158271
008 - FIXED-LENGTH DATA ELEMENTS--GENERAL INFORMATION
fixed length control field 140821s2014 xxk f 000 0 eng d
035 ## - SYSTEM CONTROL NUMBER
System control number (Sirsi) u158271
041 0# - LANGUAGE CODE
Language code of text/sound track or separate title eng
110 2# - MAIN ENTRY--CORPORATE NAME
Corporate name or jurisdiction name as entry element Royal Institution of Chartered Surveyors
9 (RLIN) 4900
245 00 - TITLE STATEMENT
Title Property in Politics
Remainder of title driving economic growth and building better communities
Medium [electronic resource]
260 ## - PUBLICATION, DISTRIBUTION, ETC.
Place of publication, distribution, etc. London
Name of publisher, distributor, etc. RICS
Date of publication, distribution, etc. 2014
520 ## - SUMMARY, ETC.
Summary, etc. Sets out 12 recommendations that RICS believe should be implemented by a future Government to create a vibrant property marketplace in the UK. Property in Politics is a conversation between property professionals and the political parties about the role property plays in driving the UK's economic growth and building better communities. It focuses on housing, planning and development, construction and infrastructure. Follow the discussion on Twitter using #PropertyinPolitics.
590 ## - LOCAL NOTE (RLIN)
Local note KA
650 24 - SUBJECT ADDED ENTRY--TOPICAL TERM
Topical term or geographic name entry element ABOUT RICS
651 #4 - SUBJECT ADDED ENTRY--GEOGRAPHIC NAME
Geographic name ENGLAND AND WALES
690 ## - LOCAL SUBJECT ADDED ENTRY--TOPICAL TERM (OCLC, RLIN)
Topical term or geographic name as entry element Planning and development
9 (RLIN) 6259
856 40 - ELECTRONIC LOCATION AND ACCESS
Uniform Resource Identifier <a href="https://www.rics.org/Global/Property-in-Politics.pdf">https://www.rics.org/Global/Property-in-Politics.pdf</a>
Public note View the item free of charge from the www.rics.org
942 ## - ADDED ENTRY ELEMENTS (KOHA)
Suppress in OPAC 0
Holdings
Withdrawn status Lost status Source of classification or shelving scheme Damaged status Not for loan Home library Current library Shelving location Date acquired Total Checkouts Full call number Barcode Date last seen Copy number Price effective from Koha item type
    Dewey Decimal Classification     London London RICS Boxes 21/11/2014   RICS 2014/3 30075288 06/08/2019 1 06/08/2019 Reference material
    Dewey Decimal Classification     London London RICS Boxes 24/11/2014   RICS 2014/3 30075289 06/08/2019 2 06/08/2019 Reference material
    Dewey Decimal Classification     London London RICS Boxes 02/08/2017   RICS 2014/3 30078498 06/08/2019 3 06/08/2019 Archive
    Dewey Decimal Classification     Virtual Virtual Online 28/11/2014   ONLINE PUBLICATION 158271-2001 06/08/2019 1 06/08/2019 Book